[Event "46th POL-ch"]
[Site "Slupsk POL"]
[Date "1989.??.??"]
[Round "14"]
[White "Szymczak, Zbigniew"]
[Black "Stempin, Pawel"]
[Result "1-0"]
[WhiteElo "2400"]
[BlackElo "2395"]
[EventDate "1989.02.25"]
[PlyCount "97"]

1.d4 Nf6 2.c4 e6 3.Nf3 Bb4+ 4.Bd2 c5 5.Bxb4 cxb4 6.a3 bxa3 7.Rxa3 b6 8.e3 
Bb7 9.Be2 O-O 10.Nc3 a5 11.O-O d6 12.Nd2 Qe7 13.Bf3 Nc6 14.Qb1 Rfc8 15.Rb3
Nb4 16.Bxb7 Qxb7 17.Na2 Na6 18.Rc1 Rab8 19.h3 h6 20.Nc3 Qe7 21.Na4 Nb4 22.
Rbc3 e5 23.dxe5 dxe5 24.Rd1 Qe6 25.b3 e4 26.Nf1 Nh5 27.Rd4 Nf6 28.Ng3 Re8 
29.Rc1 Rbd8 30.Rcd1 Rxd4 31.Rxd4 Nc6 32.Rd2 Nd8 33.Qd1 Nb7 34.Rd4 g6 35.
Ne2 Qc6 36.Nac3 Nh5 37.Nb5 Re7 38.Nec3 Nf6 39.Nd5 Nxd5 40.Rxd5 Qf6 41.Qd4 
Qe6 42.Nc3 Qc6 43.Nxe4 Re6 44.g3 Kf8 45.Qh8+ Ke7 46.Nc3 Nd6 47.Qxh6 a4 48.
Qh4+ Ke8 49.Nxa4 1-0

[Event "46th POL-ch"]
[Site "Slupsk POL"]
[Date "1989.??.??"]
[Round "14"]
[White "Zolnierowicz, Krzysztof"]
[Black "Woda, Jacek"]
[Result "0-1"]
[WhiteElo "2405"]
[BlackElo "2335"]
[EventDate "1989.02.25"]
[PlyCount "54"]

1.e4 e5 2.Nf3 Nc6 3.Bb5 a6 4.Ba4 Nf6 5.O-O Be7 6.Bxc6 dxc6 7.d3 Nd7 8.Nbd2
O-O 9.Nc4 f6 10.Kh1 Nc5 11.Ng1 Ne6 12.Ne2 Nd4 13.c3 Nxe2 14.Qxe2 Be6 15.
Ne3 Qd6 16.Nf5 Bxf5 17.exf5 Rad8 18.Rd1 Qd5 19.Qg4 Rd7 20.Be3 Rfd8 21.c4 
Qa5 22.d4 h5 23.Qe4 Bc5 24.Bd2 Qb6 25.dxc5 Qxb2 26.Rdb1 Qxd2 27.Rxb7 Qd1+ 
0-1

[Event "46th POL-ch"]
[Site "Slupsk POL"]
[Date "1989.??.??"]
[Round "15"]
[White "Borkowski, Franciszek"]
[Black "Zolnierowicz, Krzysztof"]
[Result "1-0"]
[WhiteElo "2420"]
[BlackElo "2405"]
[EventDate "1989.02.25"]
[PlyCount "49"]

1.e4 c5 2.Nf3 d6 3.d4 Nf6 4.Nc3 cxd4 5.Nxd4 a6 6.Bc4 e6 7.Bb3 b5 8.O-O Be7
9.f4 Bb7 10.Be3 Nc6 11.a3 O-O 12.f5 Nxd4 13.Qxd4 exf5 14.Rxf5 Bc8 15.Rf3 
Be6 16.Nd5 Bxd5 17.Bxd5 Nxd5 18.Qxd5 Bf6 19.Raf1 Bxb2 20.Rxf7 Rxf7 21.Rxf7
Kh8 22.Rd7 Qf8 23.Bd4 Bxd4+ 24.Qxd4 Rd8 25.Qxg7+ 1-0

[Event "46th POL-ch"]
[Site "Slupsk POL"]
[Date "1989.??.??"]
[Round "15"]
[White "Kuczynski, Robert"]
[Black "Hawelko, Marek"]
[Result "1-0"]
[WhiteElo "2450"]
[BlackElo "2455"]
[EventDate "1989.02.25"]
[PlyCount "63"]

1.e4 c5 2.Nf3 Nc6 3.Bb5 Qc7 4.Nc3 e6 5.O-O Nf6 6.Re1 d6 7.Bxc6+ Qxc6 8.d4 
Be7 9.d5 Qc7 10.dxe6 Bxe6 11.Ng5 Bg4 12.Qd3 h6 13.Nh3 g5 14.f4 O-O-O 15.
fxg5 hxg5 16.Nxg5 d5 17.e5 c4 18.Qg3 Bc5+ 19.Be3 Rdg8 20.exf6 Qxg3 21.hxg3
Bxe3+ 22.Rxe3 Rxg5 23.Nb5 Be6 24.Nd6+ Kb8 25.Rxe6 fxe6 26.Nf7 Rgh5 27.Nxh8
Rxh8 28.f7 Kc7 29.Rf1 Rf8 30.g4 Kd7 31.g5 Ke7 32.g6 1-0

[Event "46th POL-ch"]
[Site "Slupsk POL"]
[Date "1989.??.??"]
[Round "15"]
[White "Matlak, Marek"]
[Black "Siekanski, Janusz"]
[Result "1/2-1/2"]
[WhiteElo "2420"]
[BlackElo "2340"]
[EventDate "1989.02.25"]
[PlyCount "43"]

1.Nf3 c5 2.c4 Nf6 3.d4 cxd4 4.Nxd4 b6 5.f3 Bb7 6.e4 d6 7.Nc3 Nbd7 8.Be3 e6
9.Qd2 a6 10.Be2 Be7 11.O-O Qc7 12.Rac1 O-O 13.Rfd1 Rac8 14.Bf1 Qb8 15.Qf2 
Bd8 16.Kh1 Bc7 17.Nde2 Kh8 18.Ng3 Rfe8 19.Bd4 Kg8 20.Rc2 Bc6 21.Rdc1 Ba8 
22.b3 1/2-1/2

[Event "46th POL-ch"]
[Site "Slupsk POL"]
[Date "1989.??.??"]
[Round "15"]
[White "Sapis, Witalis"]
[Black "Adamski, Jan"]
[Result "1/2-1/2"]
[WhiteElo "2395"]
[BlackElo "2435"]
[EventDate "1989.02.25"]
[PlyCount "44"]

1.d4 Nf6 2.Nf3 b6 3.c4 e6 4.Nc3 Bb4 5.Qc2 Bb7 6.a3 Bxc3+ 7.Qxc3 O-O 8.g3 
c5 9.dxc5 bxc5 10.Bg2 d6 11.O-O a5 12.b3 Nbd7 13.Bb2 Qc7 14.g4 Rfb8 15.g5 
Ne8 16.a4 d5 17.cxd5 Bxd5 18.Nd2 Bxg2 19.Kxg2 Qf4 20.Qe3 Qxe3 21.fxe3 Nd6 
22.Ba3 Nf5 1/2-1/2